| 000 | 00369nam a2200145Ia 4500 | ||
|---|---|---|---|
| 008 | 240624s9999 xx 000 0 und d | ||
| 041 | _aeng | ||
| 082 | _a519.5 SAL | ||
| 100 | _aSALKIND NEIL J | ||
| 245 | _aSTATISTICS FOR PEOPLE WHO THINK THEY HAT | ||
| 250 | _a(5th ed.) | ||
| 260 |
_c2014 _aLondon _bSage |
||
| 300 | _axxvii, : 483 : p. : cm. ; 25 | ||
| 365 |
_c _b38 |
||
| 999 |
_c27489 _d27489 |
||